000 00352 a2200169 4500
001 192261
020 _a85-08-04588-3
040 _cMagnum
100 _aSabino, Fernando
240 1 0 _aOs restos mortais
_lpor
245 1 0 _aOs restos mortais
300 _a55
362 0 _a1995
440 1 _aÁtica
697 _aLITERATURA JUVENIL
942 _cBK
999 _c192261
_d192261